| 000 | 00595 a2200193 4500 | ||
|---|---|---|---|
| 999 |
_c6646 _d6646 |
||
| 020 | _a9780073375557 (pbk. : alk. paper) | ||
| 020 | _a0073375551 (pbk. : alk. paper) | ||
| 050 | 0 | 0 | _aQP141 WIL 2010 |
| 100 | 1 | _aWilliams, Melvin H. | |
| 245 | 1 | 0 |
_aNutrition for health, fitness & sport / _cMelvin H. Williams. |
| 250 | _a9th ed. | ||
| 264 |
_aBoston: _bMcGraw Hill, _c2010 |
||
| 300 |
_axvi, 630 p. : _bill. (some col.) ; |
||
| 500 | _aIncludes index. | ||
| 650 | 0 | _aNutrition. | |
| 650 | 0 | _aPhysical fitness. | |
| 650 | 0 |
_aSports _xPhysiological aspects. |
|
| 942 |
_2lcc _cBK _e9th _h141 _iWIL _kQP |
||